| 000 | 02221nam a2200445 a 4500 | ||
|---|---|---|---|
| 001 | ebr10468003 | ||
| 003 | CaPaEBR | ||
| 006 | m u | ||
| 007 | cr cn||||||||| | ||
| 008 | 070712s2008 nyua sb 001 0 eng d | ||
| 010 | _z 2007028831 | ||
| 020 | _z9780801445835 (cloth : alk. paper) | ||
| 020 | _z9780801474033 (pbk. : alk. paper) | ||
| 020 | _z9780801463457 (e-book) | ||
| 040 |
_aCaPaEBR _cCaPaEBR |
||
| 035 | _a(OCoLC)729687198 | ||
| 043 | _ae-ru--- | ||
| 050 | 1 | 4 |
_aHM621 _b.B67 2008eb |
| 082 | 0 | 4 |
_a306.70947/090511 _222 |
| 100 | 1 |
_aBorenstein, Eliot, _d1966- |
|
| 245 | 1 | 0 |
_aOverkill _h[electronic resource] : _bsex and violence in contemporary Russian popular culture / _cEliot Borenstein. |
| 246 | 3 | 0 | _aSex and violence in contemporary Russian popular culture |
| 260 |
_aIthaca : _bCornell University Press, _c2008. |
||
| 300 |
_axv, 265 p. : _bill. |
||
| 490 | 1 | _aCulture and society after socialism | |
| 504 | _aIncludes bibliographical references and index. | ||
| 505 | 0 | _aAbout that : sex and its metaphors -- Stripping the nation bare : pornography as politics -- Pimping the motherland : Russia bought and sold -- To be continued : death and the art of serial storytelling -- Women who run with the wolves -- Men of action : heroic melodrama and the passion of Mad Dog -- Overkill : bespredel and gratuitous violence -- Conclusion : someone like Putin. | |
| 533 |
_aElectronic reproduction. _bPalo Alto, Calif. : _cebrary, _d2013. _nAvailable via World Wide Web. _nAccess may be limited to ebrary affiliated libraries. |
||
| 650 | 0 |
_aPopular culture _zRussia (Federation) |
|
| 650 | 0 |
_aSex in popular culture _zRussia (Federation) |
|
| 650 | 0 |
_aViolence in popular culture _zRussia (Federation) |
|
| 650 | 0 | _aSex in mass media. | |
| 650 | 0 | _aViolence in mass media. | |
| 650 | 0 |
_aPopular literature _zRussia (Federation) _xHistory and criticism. |
|
| 650 | 0 |
_aPost-communism _xSocial aspects _zRussia (Federation) |
|
| 655 | 7 |
_aElectronic books. _2local |
|
| 710 | 2 | _aebrary, Inc. | |
| 830 | 0 | _aCulture and society after socialism. | |
| 856 | 4 | 0 |
_uhttp://site.ebrary.com/lib/rucke/Doc?id=10468003 _zAn electronic book accessible through the World Wide Web; click to view |
| 999 |
_c131572 _d131572 |
||